[Event "Pohár města Říčany 2018"]
[Site "Městské kulturní středisko U labutě"]
[Date "2018.08.26"]
[Round "3.25"]
[White "Vit, Zdenek"]
[Black "Matys, Jakub"]
[Result "1/2-1/2"]
[WhiteElo "1692"]
[BlackElo "1830"]
[PlyCount "0"]
[EventDate "2018.08.25"]

1. e4 e6 2. d4 d5 3. Nd2 dxe4 4. Nxe4 Nf6 5. Bg5 Be7 6. Bxf6 Bxf6 7. Nxf6+ Qxf6
8. Nf3 O-O 9. c3 Rd8 10. Qc2 b6 11. Bd3 h6 12. Be4 c6 13. Ne5 Bb7 14. O-O Rd6
15. f4 Qe7 16. f5 f6 17. Ng6 Qf7 18. Rfe1 Bc8 19. Bd3 Na6 20. Bc4 Nc7 21. Nf4
Nd5 22. fxe6 Bxe6 23. Nxe6 1/2-1/2

[Event "Pohár města Říčany 2018"]
[Site "Městské kulturní středisko U labutě"]
[Date "2018.08.26"]
[Round "3.26"]
[White "Dubnicka, Augustin"]
[Black "Paldus, Jan"]
[Result "1-0"]
[WhiteElo "1718"]
[BlackElo "1812"]
[PlyCount "0"]
[EventDate "2018.08.25"]

1. e4 d5 2. exd5 Qxd5 3. Nc3 Qa5 4. Bc4 Nf6 5. d3 c6 6. Bd2 Qc7 7. a4 Bf5
8. Nf3 e6 9. h3 h6 10. Qe2 Nbd7 11. Nd4 Qe5 12. Qxe5 Nxe5 13. Nxf5 exf5 14. Bb3
Bd6 15. Ne2 Nfd7 16. Bc3 f6 17. Be6 g6 18. f4 Nf7 19. Bxd7+ Kxd7 20. Bxf6 Rhe8
21. Kd2 Re6 22. Bc3 Rae8 23. Rae1 c5 24. Rhf1 Re3 25. Rf3 Rxf3 26. gxf3 Nd8
27. Rg1 Ne6 28. Be5 Rg8 29. Bxd6 Kxd6 30. h4 h5 31. c3 b6 32. b3 Kd5 33. c4+ Kd6
34. Kc3 a5 35. d4 cxd4+ 36. Nxd4 Nxf4 37. Nxf5+ Ke5 38. Nd4 Kf6 39. Re1 Rc8
40. Re4 Nd5+ 41. Kd2 Nc7 42. Ke3 Rd8 43. f4 Rd6 44. Re5 Na6 45. Rd5 Rxd5
46. cxd5 Nc5 47. d6 Kf7 48. Kf3 Ke8 49. f5 gxf5 50. Kf4 Kd7 51. Kxf5 Kxd6
52. Kg6 Kd5 53. Nf5 Nxb3 54. Kxh5 Nd4 55. Nxd4 Kxd4 56. Kg6 Ke5 57. h5 Ke6
58. h6 Ke7 59. h7 1-0

[Event "Pohár města Říčany 2018"]
[Site "Městské kulturní středisko U labutě"]
[Date "2018.08.26"]
[Round "3.27"]
[White "Stork, Rostislav"]
[Black "Hejsek, Lukas"]
[Result "1/2-1/2"]
[WhiteElo "1779"]
[BlackElo "1704"]
[PlyCount "0"]
[EventDate "2018.08.25"]

1. e4 c5 2. Nf3 g6 3. d3 Bg7 4. g3 Nc6 5. Bg2 e6 6. O-O Nge7 7. Re1 O-O 8. Nbd2
b5 9. h4 h5 10. c3 Rb8 11. e5 Nf5 12. Ne4 Nxe5 13. Nxc5 Nxf3+ 14. Qxf3 d6
15. Ne4 Qb6 16. d4 a5 17. Bg5 Bb7 18. Qd3 Bxe4 19. Bxe4 Rfe8 20. Qd2 d5 21. Bd3
b4 22. Rab1 Nd6 23. Bf4 1/2-1/2

[Event "Pohár města Říčany 2018"]
[Site "Městské kulturní středisko U labutě"]
[Date "2018.08.26"]
[Round "3.28"]
[White "Kyselka, Daniel"]
[Black "Hampel, Rudolf"]
[Result "1-0"]
[WhiteElo "1760"]
[BlackElo "1686"]
[PlyCount "0"]
[EventDate "2018.08.25"]

1. Nf3 Nf6 2. b3 g6 3. Bb2 Bg7 4. g3 O-O 5. Bg2 Nc6 6. d3 d6 7. O-O Bg4 8. h3
Bd7 9. e4 e5 10. Kh2 Nh5 11. Qd2 Qe7 12. Nc3 Rae8 13. Nd5 Qd8 14. b4 Ne7 15. Ne3
f5 16. exf5 gxf5 17. Nh4 c6 18. Nc4 Be6 19. Na5 Qc7 20. Qe2 Bf7 21. Qd2 f4
22. d4 d5 23. dxe5 Bxe5 24. Bxe5 Qxe5 25. Qd3 Qf6 26. Nxb7 Kh8 27. Bf3 Rg8
28. Bg4 Ng6 29. Bxh5 Nxh4 30. Bxf7 Qxf7 31. Nd6 Qh5 32. gxh4 f3 33. Qd4+ Re5
34. Nf7+ 1-0

[Event "Pohár města Říčany 2018"]
[Site "Městské kulturní středisko U labutě"]
[Date "2018.08.26"]
[Round "3.29"]
[White "Konvalinka, Vladislav"]
[Black "Barton, Milan"]
[Result "0-1"]
[WhiteElo "1740"]
[BlackElo "1790"]
[PlyCount "0"]
[EventDate "2018.08.25"]

1. d4 d5 2. c4 e6 3. g3 c6 4. Qc2 Nf6 5. Bg2 Nbd7 6. Nf3 Nb6 7. c5 Nbd7 8. Nc3
Qe7 9. Bf4 h6 10. Bd6 Qd8 11. Bxf8 Nxf8 12. O-O N8d7 13. b4 Qe7 14. Rfe1 O-O
15. h3 e5 16. dxe5 Nxe5 17. Nd4 Qc7 18. e4 dxe4 19. Nxe4 Nd5 20. Qb3 a5 21. Nd6
a4 22. Qb1 Ng6 23. a3 Nf6 24. Qc2 Bd7 25. Rad1 b5 26. N4f5 Be6 27. Ne3 Bb3
28. Qf5 Bxd1 29. Rxd1 Rad8 30. Qf3 Ne5 31. Qe2 Ne8 32. f4 Nc4 33. Nexc4 bxc4
34. Qxc4 Nxd6 35. cxd6 Rxd6 36. Rxd6 Qxd6 37. Bxc6 Rc8 38. b5 Qxa3 39. Qd5 Qxg3+
0-1

[Event "Pohár města Říčany 2018"]
[Site "Městské kulturní středisko U labutě"]
[Date "2018.08.26"]
[Round "3.30"]
[White "Horyna, Josef"]
[Black "Jirousek, Tadeas"]
[Result "0-1"]
[WhiteElo "1783"]
[BlackElo "1737"]
[PlyCount "0"]
[EventDate "2018.08.25"]

1. d4 Nf6 2. Nf3 e6 3. Bf4 b6 4. e3 Bb7 5. Bd3 c5 6. c3 d6 7. O-O Nbd7 8. Bg5
Be7 9. Bxf6 Bxf6 10. e4 O-O 11. Nbd2 Rc8 12. Rc1 a6 13. a4 Qc7 14. Re1 Rfd8
15. Qe2 Qc6 16. e5 dxe5 17. Be4 Qc7 18. Bxb7 Qxb7 19. Ne4 Be7 20. dxe5 b5
21. axb5 axb5 22. Red1 c4 23. Nd6 Bxd6 24. Rxd6 Nc5 25. Rcd1 Nd3 26. Rxd8+ Rxd8
27. h4 Rd5 28. Ra1 h6 29. Qe3 Qb8 30. Qe2 Nxe5 31. Nd4 Nd3 32. Qg4 Qe5 33. Nc6
Qf6 34. Ra8+ Kh7 35. Qe4+ g6 36. f3 Nxb2 37. Ra7 Rd1+ 38. Kh2 Nd3 39. h5 Rh1+
40. Kg3 Rxh5 41. Nd8 Rg5+ 42. Kh2 Qxd8 43. Rxf7+ Kh8 44. Qxe6 Qg8 45. Qe7 Qb8+
46. f4 Rh5+ 47. Kg1 Qb6+ 0-1

[Event "Pohár města Říčany 2018"]
[Site "Městské kulturní středisko U labutě"]
[Date "2018.08.26"]
[Round "3.31"]
[White "Ruzicka, Vaclav"]
[Black "Lhotska, Anna"]
[Result "0-1"]
[WhiteElo "1642"]
[BlackElo "1770"]
[PlyCount "0"]
[EventDate "2018.08.25"]

1. d4 Nf6 2. c4 e6 3. Nf3 b6 4. g3 Bb7 5. Bg2 Be7 6. O-O O-O 7. Nc3 c5 8. e3 d6
9. Qc2 Nbd7 10. Rd1 Rc8 11. b3 Qc7 12. Ba3 Rfe8 13. Rd2 cxd4 14. Nb5 Qb8
15. Nfxd4 Bxg2 16. Kxg2 a6 17. Nc3 d5 18. Bxe7 Rxe7 19. cxd5 Nxd5 20. Nxd5 exd5
21. Nc6 Rxc6 22. Qxc6 Qe5 23. Rad1 Nf6 24. Rd4 h6 25. Qxb6 Re6 26. Qc5 Qf5
27. Rf4 Qh5 28. f3 Qe5 29. Qd4 Qd6 30. Rxf6 Rxf6 31. Qxd5 Qa3 32. Rd2 Re6 33. e4
Qc1 34. Qd3 Rc6 35. Qe3 Rc2 36. Rxc2 Qxe3 37. Rc8+ Kh7 38. Rc2 a5 39. Rb2 h5
40. h4 g5 41. hxg5 Qxg5 42. Rf2 h4 43. g4 Qf4 44. Kf1 h3 0-1

[Event "Pohár města Říčany 2018"]
[Site "Městské kulturní středisko U labutě"]
[Date "2018.08.26"]
[Round "3.32"]
[White "Cabart, Pavel"]
[Black "Skrabanek, Matej"]
[Result "1-0"]
[WhiteElo "1750"]
[BlackElo "1711"]
[PlyCount "0"]
[EventDate "2018.08.25"]

1. e4 c5 2. Nf3 d6 3. d4 cxd4 4. Nxd4 Nf6 5. Nc3 g6 6. Bg5 Bg7 7. Qd2 Bd7
8. O-O-O h6 9. Bh4 Nc6 10. Nb3 a6 11. f4 O-O 12. Bg3 Nh5 13. Be2 Nxg3 14. hxg3
b5 15. e5 b4 16. Ne4 Bf5 17. Qe3 Re8 18. g4 Bxe4 19. Qxe4 Qc7 20. e6 Rec8
21. exf7+ Kxf7 22. Bc4+ Kf8 23. Be6 a5 24. Qxg6 Nd8 25. Bxc8 Rxc8 26. Rd5 a4
27. Rxh6 e6 28. Rdh5 Bxh6 29. Qxh6+ Qg7 30. Qxg7+ Kxg7 31. Nd2 Nf7 32. Ra5 Nh6
33. Rxa4 Nxg4 34. Rxb4 Ne3 35. c3 Nxg2 36. Kc2 Ne1+ 37. Kb3 Nd3 38. Rd4 Nc5+
39. Kc2 d5 40. f5 Kf6 41. fxe6 Kxe6 42. Nf3 Ne4 43. a4 Rc5 44. Rb4 Ra5 45. Nd4+
Kd6 46. Rb6+ Kc7 47. Rc6+ Kd7 48. Kb3 Nc5+ 49. Kb4 Nb7 50. Rb6 Kc7 51. Rxb7+ 1-0

[Event "Pohár města Říčany 2018"]
[Site "Městské kulturní středisko U labutě"]
[Date "2018.08.27"]
[Round "4.1"]
[White "Vojta, Tomas"]
[Black "Plat, Vojtech"]
[Result "0-1"]
[WhiteElo "2348"]
[BlackElo "2523"]
[PlyCount "0"]
[EventDate "2018.08.25"]

1. d4 {[%clk 01:30:51]} {[%emt 00:00:07]} d6 {[%clk 01:30:42]} {[%emt
00:00:18]} 2. e4 {[%clk 01:29:53]} {[%emt 00:01:28]} Nf6 {[%clk 01:31:07]}
{[%emt 00:00:05]} 3. Nc3 {[%clk 01:29:58]} {[%emt 00:00:24]} e5 {[%clk
01:31:30]} {[%emt 00:00:07]} 4. dxe5 {[%clk 01:27:57]} {[%emt 00:02:31]} dxe5
{[%clk 01:31:56]} {[%emt 00:00:05]} 5. Qxd8+ {[%clk 01:27:56]} {[%emt
00:00:32]} Kxd8 {[%clk 01:32:25]} 6. Bc4 {[%clk 01:26:21]} {[%emt 00:02:05]}
Be6 {[%clk 01:32:37]} {[%emt 00:00:19]} 7. Bxe6 {[%clk 01:25:56]} {[%emt
00:00:54]} fxe6 {[%emt 00:01:12]} 8. f3 {[%clk 01:23:40]} {[%emt 00:01:38]} Bc5
{[%emt 00:01:15]} 9. Na4 {[%emt 00:07:56]} Bb4+ {[%emt 00:03:06]} 10. Bd2
{[%emt 00:01:14]} Bxd2+ {[%clk 01:26:58]} {[%emt 00:00:03]} 11. Kxd2 {[%emt
00:00:08]} Ke7 {[%emt 00:02:46]} 12. Ne2 {[%clk 01:16:52]} {[%emt 00:00:02]}
Na6 {[%clk 01:26:44]} {[%emt 00:01:08]} 13. a3 {[%clk 01:10:36]} {[%emt
00:06:46]} Rhd8+ {[%clk 01:25:25]} {[%emt 00:01:49]} 14. Ke3 {[%clk 01:10:20]}
{[%emt 00:00:45]} b5 {[%clk 01:25:01]} {[%emt 00:00:54]} 15. Nac3 {[%clk
01:10:38]} {[%emt 00:00:11]} c6 {[%clk 01:25:04]} {[%emt 00:00:28]} 16. Rhd1
{[%clk 01:09:58]} {[%emt 00:01:10]} Nd7 {[%clk 01:25:27]} {[%emt 00:00:07]} 17.
b3 {[%clk 01:08:02]} {[%emt 00:02:26]} Nac5 {[%clk 01:20:19]} {[%emt 00:05:37]}
18. Nc1 {[%clk 01:03:13]} {[%emt 00:05:18]} a5 {[%clk 01:20:41]} {[%emt
00:00:09]} 19. Nd3 {[%clk 00:59:09]} {[%emt 00:04:33]} a4 {[%clk 01:20:04]}
{[%emt 00:01:08]} 20. Nxc5 {[%clk 00:54:15]} {[%emt 00:05:24]} Nxc5 {[%clk
01:18:43]} {[%emt 00:01:51]} 21. Rxd8 {[%clk 00:54:40]} {[%emt 00:00:05]} Kxd8
{[%clk 01:19:01]} {[%emt 00:00:11]} 22. b4 {[%clk 00:53:27]} {[%emt 00:01:43]}
Nb7 {[%clk 01:18:55]} {[%emt 00:00:37]} 23. Nd1 {[%clk 00:53:03]} {[%emt
00:00:53]} Ke7 {[%clk 01:19:11]} {[%emt 00:00:15]} 24. Nb2 {[%clk 00:52:57]}
{[%emt 00:00:36]} c5 {[%clk 01:17:45]} {[%emt 00:01:56]} 25. bxc5 {[%clk
00:50:43]} {[%emt 00:02:44]} Nxc5 {[%clk 01:18:10]} {[%emt 00:00:05]} 26. Nd3
{[%clk 00:50:41]} {[%emt 00:00:32]} Nxd3 {[%clk 01:16:11]} {[%emt 00:02:29]} 27.
cxd3 {[%clk 00:42:34]} {[%emt 00:08:37]} Kd6 {[%clk 01:13:27]} {[%emt
00:03:13]} 28. Kd2 {[%clk 00:35:32]} {[%emt 00:07:32]} Kc5 {[%clk 01:13:31]}
{[%emt 00:00:26]} 29. Rb1 {[%clk 00:35:41]} {[%emt 00:00:21]} Rd8 {[%clk
01:13:26]} {[%emt 00:00:34]} 30. Kc3 {[%clk 00:35:32]} {[%emt 00:00:39]} g5
{[%clk 01:13:30]} {[%emt 00:00:26]} 31. h3 {[%clk 00:35:41]} {[%emt 00:00:22]}
h5 {[%clk 01:13:38]} {[%emt 00:00:22]} 32. Rh1 {[%clk 00:31:14]} {[%emt
00:04:57]} h4 {[%clk 01:13:58]} {[%emt 00:00:10]} 33. Rb1 {[%clk 00:31:22]}
{[%emt 00:00:21]} Rd7 {[%clk 01:12:43]} {[%emt 00:01:46]} 34. Kd2 {[%clk
00:30:35]} {[%emt 00:01:17]} Kb6 {[%clk 01:12:43]} {[%emt 00:00:30]} 35. Kc3
{[%clk 00:29:49]} {[%emt 00:01:15]} Rd4 {[%clk 01:12:58]} {[%emt 00:00:16]} 36.
Rb2 {[%clk 00:28:35]} {[%emt 00:01:43]} Kc5 {[%clk 01:11:57]} {[%emt 00:01:31]}
37. Rb1 {[%clk 00:29:00]} {[%emt 00:00:05]} b4+ {[%clk 01:10:44]} {[%emt
00:01:43]} 38. axb4+ {[%clk 00:29:01]} {[%emt 00:00:29]} Kb5 {[%clk 01:04:39]}
{[%emt 00:06:35]} 39. Rb2 {[%clk 00:19:48]} {[%emt 00:09:43]} a3 {[%clk
00:56:28]} {[%emt 00:08:41]} 40. Rb1 {[%clk 00:15:04]} {[%emt 00:05:14]} Ka4
{[%clk 00:56:46]} {[%emt 00:00:12]} 41. b5 {[%clk 00:15:27]} {[%emt 00:00:07]}
a2 {[%clk 00:56:42]} {[%emt 00:00:34]} 42. Rd1 {[%clk 00:15:10]} {[%emt
00:00:47]} Ka3 {[%clk 00:56:25]} {[%emt 00:00:48]} 43. Ra1 {[%clk 00:14:07]}
{[%emt 00:01:33]} Ra4 {[%clk 00:53:51]} {[%emt 00:03:04]} 44. Rd1 {[%clk
00:11:50]} {[%emt 00:02:48]} Rb4 {[%clk 00:53:45]} {[%emt 00:00:36]} 0-1

[Event "Pohár města Říčany 2018"]
[Site "Městské kulturní středisko U labutě"]
[Date "2018.08.27"]
[Round "4.2"]
[White "Hollan, Petr"]
[Black "Pulpan, Jakub"]
[Result "0-1"]
[WhiteElo "2179"]
[BlackElo "2400"]
[PlyCount "0"]
[EventDate "2018.08.25"]

1. e4 {[%clk 01:22:04]} {[%emt 00:08:55]} c5 {[%clk 01:30:18]} {[%emt
00:00:42]} 2. Nf3 {[%clk 01:22:09]} {[%emt 00:00:26]} d6 {[%clk 01:30:40]}
{[%emt 00:00:09]} 3. d4 {[%clk 01:22:09]} {[%emt 00:00:30]} cxd4 {[%clk
01:31:04]} {[%emt 00:00:06]} 4. Nxd4 {[%clk 01:22:33]} {[%emt 00:00:05]} Nf6
{[%clk 01:31:27]} {[%emt 00:00:06]} 5. Nc3 {[%clk 01:22:59]} {[%emt 00:00:05]}
a6 {[%clk 01:31:48]} {[%emt 00:00:08]} 6. Bg5 {[%clk 01:23:24]} {[%emt
00:00:05]} e6 {[%clk 01:32:13]} {[%emt 00:00:05]} 7. f4 {[%clk 01:23:36]}
{[%emt 00:00:18]} b5 {[%clk 01:32:43]} {[%emt 00:00:01]} 8. e5 {[%clk
01:23:10]} {[%emt 00:00:56]} dxe5 {[%clk 01:33:01]} {[%emt 00:00:12]} 9. fxe5
{[%clk 01:23:38]} {[%emt 00:00:01]} Qc7 {[%clk 01:33:18]} {[%emt 00:00:13]} 10.
Qe2 {[%clk 01:24:03]} {[%emt 00:00:05]} Nfd7 {[%clk 01:32:40]} {[%emt
00:01:07]} 11. O-O-O {[%clk 01:24:26]} {[%emt 00:00:08]} Bb7 {[%clk 01:11:29]}
{[%emt 00:21:40]} 12. Nxe6 {[%clk 00:36:44]} {[%emt 00:48:13]} fxe6 {[%clk
01:08:36]} {[%emt 00:03:23]} 13. Qg4 {[%clk 00:37:05]} {[%emt 00:00:09]} Nc6
{[%clk 00:51:09]} {[%emt 00:17:56]} 14. Qxe6+ {[%clk 00:36:17]} {[%emt
00:01:18]} Be7 {[%clk 00:39:50]} {[%emt 00:11:49]} 15. Bxb5 {[%clk 00:10:56]}
{[%emt 00:25:51]} Nf8 {[%clk 00:26:59]} {[%emt 00:13:21]} 16. Bxc6+ {[%clk
00:11:14]} {[%emt 00:00:12]} Bxc6 {[%clk 00:27:23]} {[%emt 00:00:06]} 17. Qg4
{[%clk 00:11:36]} {[%emt 00:00:04]} h5 {[%clk 00:19:10]} {[%emt 00:08:46]} 18.
Qg3 {[%clk 00:11:52]} {[%emt 00:00:15]} Bxg5+ {[%clk 00:17:51]} {[%emt
00:01:49]} 19. Qxg5 {[%clk 00:12:21]} {[%emt 00:00:01]} Ne6 {[%clk 00:18:08]}
{[%emt 00:00:13]} 20. Qh4 {[%clk 00:06:31]} {[%emt 00:06:20]} O-O {[%clk
00:17:07]} {[%emt 00:01:32]} 21. Qc4 {[%clk 00:03:36]} {[%emt 00:03:24]} Rae8
{[%clk 00:16:06]} {[%emt 00:01:31]} 22. Rd2 {[%clk 00:03:04]} {[%emt 00:01:02]}
Rf4 {[%clk 00:14:18]} {[%emt 00:02:18]} 23. Qxa6 {[%clk 00:01:53]} {[%emt
00:01:41]} Nc5 {[%clk 00:12:35]} {[%emt 00:02:13]} 24. Qe2 {[%clk 00:01:25]}
{[%emt 00:00:59]} Rxe5 {[%clk 00:12:38]} {[%emt 00:00:27]} 25. Qd1 {[%clk
00:01:47]} {[%emt 00:00:08]} Ne4 {[%clk 00:10:24]} {[%emt 00:02:44]} 26. Nxe4
{[%clk 00:01:31]} {[%emt 00:00:46]} Bxe4 {[%clk 00:10:00]} {[%emt 00:00:54]} 27.
Rf1 {[%clk 00:01:38]} {[%emt 00:00:23]} Rxf1 {[%clk 00:10:04]} {[%emt
00:00:26]} 28. Qxf1 {[%emt 00:00:04]} Bg6 {[%clk 00:10:10]} {[%emt 00:00:22]}
29. h3 {[%clk 00:00:33]} {[%emt 00:02:03]} Kh7 {[%clk 00:10:19]} {[%emt
00:00:21]} 30. g4 {[%clk 00:00:52]} {[%emt 00:00:12]} Qe7 {[%clk 00:10:19]}
{[%emt 00:00:29]} 31. Kd1 {[%clk 00:00:45]} {[%emt 00:00:38]} h4 {[%clk
00:10:44]} {[%emt 00:00:05]} 32. Qf2 {[%clk 00:00:36]} {[%emt 00:00:39]} Qg5
{[%clk 00:05:28]} {[%emt 00:05:47]} 33. Re2 {[%clk 00:00:31]} {[%emt 00:00:35]}
Qd8+ {[%clk 00:04:55]} {[%emt 00:01:02]} 34. Kc1 {[%clk 00:00:35]} {[%emt
00:00:27]} Rd5 {[%clk 00:04:37]} {[%emt 00:00:48]} 35. Rd2 {[%clk 00:00:58]}
{[%emt 00:00:07]} Qg5 {[%clk 00:04:56]} {[%emt 00:00:11]} 36. a3 {[%clk
00:00:35]} {[%emt 00:00:53]} Rc5 {[%clk 00:05:09]} {[%emt 00:00:17]} 37. Kd1
{[%clk 00:00:44]} {[%emt 00:00:21]} Rc7 {[%clk 00:05:25]} {[%emt 00:00:14]} 38.
Qe1 {[%clk 00:00:40]} {[%emt 00:00:33]} Re7 {[%clk 00:05:19]} {[%emt 00:00:37]}
39. Re2 {[%clk 00:00:43]} {[%emt 00:00:27]} Qd5+ {[%clk 00:05:23]} {[%emt
00:00:26]} 40. Kc1 {[%clk 00:00:44]} {[%emt 00:00:29]} Rxe2 {[%clk 00:05:45]}
{[%emt 00:00:07]} 41. Qxe2 {[%clk 00:01:09]} {[%emt 00:00:06]} Qh1+ {[%clk
00:06:13]} {[%emt 00:00:02]} 0-1

[Event "Pohár města Říčany 2018"]
[Site "Městské kulturní středisko U labutě"]
[Date "2018.08.27"]
[Round "4.3"]
[White "Rut, Vojtech"]
[Black "Kulhanek, Tomas"]
[Result "*"]
[WhiteElo "2123"]
[BlackElo "2314"]
[PlyCount "0"]
[EventDate "2018.08.25"]

1. e4 {[%clk 01:30:53]} {[%emt 00:00:05]} c5 {[%clk 01:30:52]} {[%emt
00:00:08]} 2. Nf3 {[%clk 01:31:02]} {[%emt 00:00:21]} g6 {[%clk 01:31:08]}
{[%emt 00:00:14]} 3. d4 {[%clk 01:31:12]} {[%emt 00:00:20]} cxd4 {[%clk
01:31:32]} {[%emt 00:00:06]} 4. Nxd4 {[%clk 01:31:23]} {[%emt 00:00:18]} Bg7
{[%clk 01:31:45]} {[%emt 00:00:17]} 5. Nc3 {[%clk 01:31:24]} {[%emt 00:00:30]}
Nc6 {[%clk 01:32:02]} {[%emt 00:00:14]} 6. Be3 {[%clk 01:31:42]} {[%emt
00:00:12]} Nf6 {[%clk 01:32:09]} {[%emt 00:00:22]} 7. Bc4 {[%clk 01:32:03]}
{[%emt 00:00:09]} Qa5 {[%clk 01:31:58]} {[%emt 00:00:41]} 8. O-O {[%clk
01:22:18]} {[%emt 00:10:16]} O-O {[%clk 01:31:29]} {[%emt 00:00:59]} 9. Bb3
{[%clk 01:21:43]} {[%emt 00:01:05]} d6 {[%clk 01:30:30]} {[%emt 00:01:29]} 10.
h3 {[%clk 01:21:54]} {[%emt 00:00:20]} Bd7 {[%clk 01:29:49]} {[%emt 00:01:10]}
11. Kh1 {[%clk 01:19:37]} {[%emt 00:02:48]} Nxd4 {[%clk 01:29:04]} {[%emt
00:01:15]} 12. Bxd4 {[%clk 01:18:19]} {[%emt 00:01:48]} Bc6 {[%clk 01:29:30]}
{[%emt 00:00:03]} 13. Qd3 {[%clk 01:16:40]} {[%emt 00:02:09]} Nd7 {[%clk
01:28:27]} {[%emt 00:01:33]} 14. Bxg7 {[%clk 01:15:56]} {[%emt 00:01:15]} Kxg7
{[%clk 01:28:54]} {[%emt 00:00:03]} 15. Nd5 {[%clk 01:11:32]} {[%emt 00:04:54]}
Rae8 {[%clk 01:23:46]} {[%emt 00:05:38]} 16. Qd4+ {[%clk 01:10:04]} {[%emt
00:01:59]} Kg8 {[%clk 01:19:31]} {[%emt 00:04:45]} 17. c3 {[%clk 01:08:26]}
{[%emt 00:02:08]} Qc5 {[%clk 01:18:12]} {[%emt 00:01:48]} 18. Rfe1 {[%clk
01:00:30]} {[%emt 00:08:27]} a5 {[%clk 01:06:01]} {[%emt 00:12:41]} 19. a3
{[%emt 00:01:08]} e6 {[%clk 01:03:22]} {[%emt 00:03:07]} 20. Nf6+ {[%clk
00:57:32]} {[%emt 00:02:51]} Nxf6 {[%clk 01:03:46]} {[%emt 00:00:07]} 21. Qxf6
{[%clk 00:57:59]} {[%emt 00:00:04]} Qb5 {[%clk 01:02:43]} {[%emt 00:01:32]} 22.
h4 {[%clk 00:50:57]} {[%emt 00:07:32]} Qxb3 {[%clk 00:57:25]} {[%emt 00:05:48]}
23. h5 {[%clk 00:50:32]} {[%emt 00:00:55]} Qb5 {[%clk 00:57:42]} {[%emt
00:00:12]} 24. e5 {[%clk 00:50:42]} {[%emt 00:00:21]} Qd5 {[%clk 00:57:52]}
{[%emt 00:00:20]} 25. Qg5 {[%clk 00:48:00]} {[%emt 00:03:11]} Qd3 {[%clk
00:55:32]} {[%emt 00:02:50]} 0-1